| 000 | 02095nam0a2200445 4500 | ||
|---|---|---|---|
| 001 | RU\NLR\bibl\1667712 | ||
| 005 | 20260406064630.0 | ||
| 010 |
_a978-5-411-00053-5 _960 |
||
| 021 |
_aRU _b2010-56295 _93691 |
||
| 035 | _a(nilc)RSL-KNO-004710156 | ||
| 035 | _a(NLR Aleph) 001658985 | ||
| 090 |
_a969498 _c969498 |
||
| 100 | _a20100726d2010 |||y0rusy50 ca | ||
| 101 | 0 | _arus | |
| 102 | _aRU | ||
| 105 | _aa ||||||||| | ||
| 200 | 1 |
_aЭвереттическая аксиоматика _fЮ. А. Лебедев |
|
| 205 | _a2-е изд., испр. | ||
| 210 |
_aМосква _cРусНеруд _d2010 |
||
| 215 |
_a268, [2] с. _cил., портр. _d21 |
||
| 300 | _aНа обороте тит. л. в макете загл.: Многоликое мироздание. Эвереттическая аксиоматика | ||
| 320 | _aБиблиогр.: с. 249-268 и в подстроч. прим. | ||
| 320 | _aУказатели фамилий на рус. яз., на англ. яз., имен лит.: с. 241-247 | ||
| 517 | 1 | _aМноголикое мироздание. Эвереттическая аксиоматика | |
| 606 | 1 |
_aЕстествознание _xФилософские вопросы _91089580 _3RU\NLR\auth\66427157 |
|
| 610 | 0 | _aэвереттика | |
| 686 |
_aЮ252:В3,0 _2rubbk |
||
| 686 |
_aЮ212.13,0 _2rubbk |
||
| 686 |
_aВ314в,0 _2rubbk |
||
| 686 |
_aЮ252 _bБ |
||
| 700 | 1 |
_4070 _8rus _7ca _aЛебедев _bЮ. А. _cканд. техн. наук, философ _f1949- _gЮрий Александрович _3RU\NLR\auth\7714382 _9124055 |
|
| 801 | 0 |
_aRU _bRuMoRKP _c20100726 _grcr |
|
| 801 | 1 |
_aRU _bRuMoRGB _c20100726 |
|
| 801 | 2 |
_aRU _bNLR _c20100825 _grcr |
|
| 830 | _aавт. по кн. | ||
| 942 | _cBOOK | ||
| 980 | _aNB | ||